Normal view
MARC view
Entry Topical Term
001 - CONTROL NUMBER
- control field: 15585
003 - CONTROL NUMBER IDENTIFIER
- control field: OSt
005 - DATE AND TIME OF LATEST TRANSACTION
- control field: 20220119125056.0
008 - FIXED-LENGTH DATA ELEMENTS
- fixed length control field: 220119|| aca||aabn | a|a d
040 ## - CATALOGING SOURCE
- Original cataloging agency: OSt
- Transcribing agency: OSt
150 ## - HEADING--TOPICAL TERM
- Topical term or geographic name entry element: Cacao growers -- Africa, West -- Economic conditions.
670 ## - SOURCE DATA FOUND
- Source citation: Work cat.: (OSt): Ryan, Orla. 15583, Chocolate nations : , 2012.
